The Advanced Writings of The World - Statistics

General Stats
  • This quiz has been taken 7 times
  • The average score is 25 of 293
Answer Stats
Where it originated Writing % Correct
Europe Latin
100%
Middle East Arabic
83%
Europe Cyrillic
83%
Europe Georgian
67%
Middle East Hebrew
67%
Europe Armenian
50%
South Asia Bengali
50%
Africa Coptic
50%
South Asia Devanagari
50%
Europe Greek
50%
East Asia Han
50%
East Asia Hangul
50%
East Asia Hiragana
50%
Southeast Asia Javanese
50%
East Asia Katakana
50%
Southeast Asia Lao
50%
Central Asia Mongolian
50%
America Olmec
50%
South Asia Oriya
50%
Middle East Phoenician
50%
South Asia Sinhala
50%
Oceania Tagalog
50%
South Asia Tamil
50%
Southeast Asia Thai
50%
Middle East Cuneiform
33%
Africa Demotic
33%
Africa Egyptian Hieroglyphs
33%
South Asia Gurmukhi
33%
South Asia Kannada
33%
Southeast Asia Khmer
33%
Europe Linear A
33%
Europe Linear B
33%
South Asia Malayalam
33%
America Mayan Hieroglyphs
33%
America Mixtec
33%
Africa N'ko
33%
Europe Ogham
33%
Europe Runic
33%
Southeast Asia Sundanese
33%
Central Asia Tibetan
33%
Africa Tifinagh
33%
America Zapotec
33%
Southeast Asia Balinese
17%
South Asia Brahmi
17%
Southeast Asia Buginese
17%
America Cherokee
17%
Africa Ethiopic
17%
Europe Glagolitic
17%
Europe Gothic
17%
South Asia Gujarati
17%
Oceania Hanunoo
17%
Africa Hieratic
17%
South Asia Kharoshthi
17%
Central Asia Khotanese
17%
Middle East Nabataean
17%
Europe Old Hungarian
17%
Central Asia Old Turkic
17%
Central Asia Old Uyghur
17%
East Asia Oracle Bone Script
17%
Europe Phaistos Disc
17%
Middle East Proto-Elamite
17%
Middle East Proto-Sinaitic
17%
Oceania Rongo Rongo
17%
East Asia Seal
17%
East Asia Siddham
17%
Central Asia Sogdian
17%
Middle East Syriac
17%
South Asia Telugu
17%
South Asia Thaana
17%
Central Asia Tocharian
17%
Middle East Ugaritic
17%
Africa Vai
17%
Africa Adlam
0%
America Afáka
0%
South Asia Ahom
0%
Middle East Anatolian Hieroglyphs
0%
Middle East Avestian
0%
Oceania Avoiuli
0%
America Aztec Pictograms
0%
South Asia Badaga
0%
Africa Bagam
0%
South Asia Balti A
0%
South Asia Balti B
0%
Africa Bamum
0%
Africa Bassa Vah
0%
Southeast Asia Batak
0%
Africa Beria
0%
Africa Bété
0%
South Asia Bhaiksuki
0%
South Asia Bhujinmol
0%
Oceania Blissymbols
0%
Middle East Book Pahlavi
0%
East Asia Bopomofo
0%
Africa Borama
0%
Europe Braille Patterns
0%
East Asia Bronze Scripts
0%
Central Asia Brusha
0%
Oceania Buhid
0%
Middle East Byblos
0%
Middle East Carian
0%
Europe Caucasian Albanian
0%
South Asia Chakma
0%
South Asia Chalukya
0%
Southeast Asia Cham
0%
South Asia Chisoi
0%
South Asia Chola
0%
Central Asia Chorasmian
0%
East Asia Chuxiong Yi
0%
Europe Cirth
0%
South Asia Coorgi-Cox
0%
Europe Cypriot Syllabary
0%
Europe Cypro Minoan
0%
America Deseret
0%
South Asia Dhimal
0%
South Asia Dives Akuru
0%
South Asia Dogra
0%
Europe Duployan
0%
Middle East Early Dynastic Cuneiform
0%
Southeast Asia Eebee Hmong
0%
Europe Elbasan
0%
Middle East Elymaic
0%
America Epi-Olmec
0%
East Asia Ersu Shaba
0%
Oceania Eskaya
0%
Africa Fula Ba/Fula 2
0%
Africa Fula Dita
0%
Europe Gabelsberger Shorthand
0%
South Asia Gangga Malayu
0%
Africa Garay/Wolof
0%
South Asia Grantha
0%
Europe Gregg Shorthand
0%
South Asia Gunjala Gondi
0%
South Asia Gurung/Khema
0%
South Asia Gurung/Khe Phri
0%
Europe Hamnosys
0%
Southeast Asia Hanifi Rohingya
0%
Middle East Hatran
0%
Southeast Asia Iban
0%
Middle East Imperial Aramaic
0%
South Asia Indus Valley Script
0%
Middle East Inscriptional Pahlavi
0%
Middle East Inscriptional Parthian
0%
Europe International Phonetic Alphabet
0%
Africa Isibheqe Sohlamvu
0%
East Asia Jurchen
0%
South Asia Kadamba
0%
Africa Kaddare
0%
East Asia Kaida
0%
South Asia Kaithi
0%
South Asia Karani
0%
Southeast Asia Kawi
0%
Southeast Asia Kayah Li
0%
Southeast Asia Kerinci
0%
Southeast Asia Khamti
0%
Central Asia Khatt-I Baburi
0%
East Asia Khitan Large Script
0%
East Asia Khitan Small Script
0%
South Asia Khojki
0%
Southeast Asia Khom
0%
South Asia Khudawadi
0%
South Asia Kirat Rai
0%
America Klingon
0%
Africa Kpelle
0%
Oceania Kulitan
0%
Southeast Asia Lampung
0%
South Asia Landa
0%
Southeast Asia Leke
0%
South Asia Lepcha
0%
South Asia Limbu
0%
Middle East Linear Elamite
0%
East Asia Lisu
0%
Africa Loma
0%
Southeast Asia Lontara Bilang Bilang
0%
Africa Luo
0%
Middle East Lycian
0%
Middle East Lydian
0%
South Asia Magar Akkha
0%
South Asia Mahajani
0%
Southeast Asia Makasar
0%
Middle East Mandaic
0%
Africa Mandombe
0%
Middle East Manichaean
0%
Central Asia Marchen
0%
Central Asia Marchung
0%
Africa Masaba
0%
South Asia Masaram Gondi
0%
Africa Medefaidrin
0%
South Asia Meetei Mayek
0%
Africa Mende Kikakui
0%
Africa Meroitic Cursive
0%
Africa Meroitic Hieroglyphs
0%
East Asia Miao
0%
America Micmac Hieroglyphs
0%
Southeast Asia Minangkabau
0%
South Asia Modi
0%
Europe Moon
0%
South Asia Mro
0%
South Asia Multani
0%
Africa Mwangwego
0%
Southeast Asia Myanmar
0%
Oceania Naasioi
0%
South Asia Nag Mundari
0%
South Asia Nandinagari
0%
East Asia Nasu
0%
East Asia Naxi Dongba
0%
East Asia Naxi Geba
0%
South Asia Newa
0%
Southeast Asia New Tai Lue
0%
East Asia Nisu
0%
Europe Northern Palaeohispanic
0%
Africa Numidian
0%
East Asia Nüshu
0%
Africa Nwagu Aneke Igbo
0%
Southeast Asia Nyiakeng Puachue Hmong
0%
South Asia Ol Chiki
0%
Africa Old Bamum
0%
Europe Old Italic
0%
Southeast Asia Old Minahasa
0%
Middle East Old North Arabian
0%
Europe Old Permic
0%
Middle East Old Persian
0%
Central Asia Old Sogdian
0%
Middle East Old South Arabian
0%
America Osage
0%
Africa Osmanya
0%
Southeast Asia Pahawh Hmong
0%
Southeast Asia Pahawh Hmong First Stage
0%
South Asia Pallava
0%
Middle East Palmyrene
0%
Southeast Asia Pau Cin Hau
0%
Southeast Asia Pau Cin Hau Logographs
0%
Central Asia Phags-Pa
0%
Europe Pitman Shorthand
0%
Middle East Proto-Cuneiform
0%
Middle East Psalter Pahlavi
0%
Central Asia Pungchen
0%
Central Asia Pungchung
0%
Southeast Asia Pyu
0%
Africa Raina Kama/Hausa 2
0%
South Asia Ranjana
0%
Southeast Asia Rejang
0%
Africa Salifou Hausa/Hausa 1
0%
Middle East Samaritan
0%
East Asia Sani Yi
0%
South Asia Satavahana
0%
South Asia Saurashtra
0%
South Asia Shankha/Shell Script
0%
South Asia Sharada
0%
Europe Shavian
0%
Europe Shavian Quikscript
0%
East Asia Shuishu Logograms
0%
Middle East Sidetic
0%
South Asia Sirmauri
0%
South Asia Sora Sompeng
0%
Europe Southern Palaeohispanic
0%
Central Asia Soyombo
0%
America Stokoe
0%
South Asia Sunuwar
0%
America Sutton Signwriting
0%
South Asia Syloti Nagri
0%
Africa Tafi/Hausa 3
0%
Oceania Tagbanwa
0%
Southeast Asia Tai Le
0%
Southeast Asia Tai Tham
0%
Southeast Asia Tai Viet
0%
Southeast Asia Tai Yo
0%
South Asia Takri
0%
South Asia Tangsa
0%
South Asia Tangsa/Khimhun
0%
East Asia Tangut
0%
South Asia Tani
0%
Europe Tengwar
0%
America Teotihuacan
0%
South Asia Tikamuli
0%
South Asia Tirhuta
0%
Europe Todhri
0%
South Asia Tolong Siki
0%
South Asia Toto
0%
South Asia Tulu-Tigalari
0%
America Unified Canadian Aboriginal Syllabics
0%
America Unifon
0%
South Asia Vatteluttu
0%
Europe Veso Bey
0%
Europe Visible Speech
0%
Europe Vithkuqi
0%
South Asia Wancho
0%
South Asia Warang Citi
0%
Southeast Asia Western Cham
0%
Oceania Woleai
0%
Middle East Yezidi
0%
East Asia Yi
0%
Central Asia Zanabazar Square
0%
South Asia Zou
0%
No matching quizzes found
Score Distribution
Percent of People with Each Score
Percentile by Number Answered
Your Score History
You have not taken this quiz